Aktuálne výzvy technologického pokroku 21. storočia v oblasti energetickej bezpečnosti
Benefity, potenciál a riziká z využívania hydraulického štiepenia plynu a ropy. Potenciál pre rozmach v blízkej budúcnosti.
Saved in:
| Main Author: | |
|---|---|
| Format: | Book Chapter |
| Language: | Slovak |
| Subjects: | |
| Tags: |
No Tags, Be the first to tag this record!
|
MARC
| LEADER | 00000nla a2200000 4500 | ||
|---|---|---|---|
| 001 | 0196182 | ||
| 005 | 20240502073316.7 | ||
| 041 | 0 | |a slo | |
| 044 | |a SK | ||
| 245 | 1 | 0 | |a Aktuálne výzvy technologického pokroku 21. storočia v oblasti energetickej bezpečnosti |c Naďa Kovalčíková |
| 520 | |a Benefity, potenciál a riziká z využívania hydraulického štiepenia plynu a ropy. Potenciál pre rozmach v blízkej budúcnosti. | ||
| 610 | 2 | 0 | |a politika energetická |
| 610 | 2 | 0 | |a politika bezpečnostná |
| 610 | 2 | 0 | |a plyn zemný |
| 610 | 2 | 0 | |a plyn bridlicový |
| 610 | 2 | 0 | |a ropa |
| 100 | 1 | |a Kovalčíková, Naďa | |